Language Quiz

Random Language Quiz

Days of the Week in Bosnian Quiz Stats

Quiz not verified by Sporcle

Also try: Wordy Words
Challenge
Share
Tweet
Embed
Score 0/14 Timer 03:00
0 Plays Today
English Bosnian % Correct
Tuesdayutorak
85.5%
todaydanas
85.5%
Fridaypetak
82.9%
Saturdaysubota
82.9%
tomorrowsutra
82.9%
yesterdayjuče
76.3%
Wednesdaysrijeda
75%
English Bosnian % Correct
Thursdayčetvrtak
75%
Mondayponedjeljak
67.1%
tonightvečeras
63.2%
day after tomorrowprekosutra
61.8%
last nightsinoć
57.9%
Sundaynedjelja
53.9%
day before yesterdayprekjuče
51.3%

You're not logged in!

Compare scores with friends on all Sporcle quizzes.
Join for Free
OR
Log In

You Might Also Like...

Show Comments

Extras

Top Quizzes Today


Score Distribution

Your Account Isn't Verified!

In order to create a playlist on Sporcle, you need to verify the email address you used during registration. Go to your Sporcle Settings to finish the process.

Report this User

Report this user for behavior that violates our Community Guidelines.

Details: